[Event "Montigny le Bretonneux op 25th"]
[Site "Montigny le Bretonneux"]
[Date "2023.05.21"]
[Round "7"]
[White "Christophe, Jules"]
[Black "Carbonero, Jean Marc"]
[Result "0-1"]
[WhiteElo "1009"]
[BlackElo "1027"]
[PlyCount "80"]
[EventDate "2023.05.18"]
[EventType "swiss"]
[EventRounds "9"]
[EventCountry "FRA"]
[SourceTitle "CBM 214 Extra"]
[Source "ChessBase"]
[SourceDate "2023.07.31"]
[SourceVersion "1"]
[SourceVersionDate "2023.07.31"]
[SourceQuality "1"]

1. e4 e5 2. Nf3 Nc6 3. Bc4 d6 4. 0-0 Be7 5. Nc3 Bg4 6. d3 Nd4 7. Be3 Nxf3+ 8. gxf3 Bh5 9. d4 Bg5 10. Kh1 Bxe3 11. fxe3 Nf6 12. Rg1 0-0 13. Qf1 a6 14. Qg2 g6 15. f4 b5 16. Be2 Qd7 17. Bxh5 Nxh5 18. Qg5 f6 19. Qxh5 Qg7 20. Qf3 c6 21. Rg2 b4 22. Ne2 Rac8 23. Rag1 f5 24. Ng3 exd4 25. Nxf5 Qf6 26. Rg5 Rc7 27. e5 dxe5 28. fxe5 Qe6 29. h4 Rcf7 30. e4 Qxe5 31. h5 Rf6 32. hxg6 hxg6 33. Rxg6+ Kf7 34. Rg7+ Ke8 35. Qh5+ Kd8 36. Qh7 Qxe4+ 37. Kh2 Qf4+ 38. R1g3 Qxf5 39. Rc7 Qxh7+ 40. Rh3 Qxh3+ 0-1

[Event "Montigny le Bretonneux op 25th"]
[Site "Montigny le Bretonneux"]
[Date "2023.05.20"]
[Round "5"]
[White "Baysse, Nathan"]
[Black "Christophe, Jules"]
[Result "1-0"]
[WhiteElo "1199"]
[BlackElo "1009"]
[PlyCount "75"]
[EventDate "2023.05.18"]
[EventType "swiss"]
[EventRounds "9"]
[EventCountry "FRA"]
[SourceTitle "CBM 214 Extra"]
[Source "ChessBase"]
[SourceDate "2023.07.31"]
[SourceVersion "1"]
[SourceVersionDate "2023.07.31"]
[SourceQuality "1"]

1. e4 e5 2. Nf3 Nc6 3. Bc4 Nf6 4. d3 Bc5 5. Bg5 h6 6. Bh4 g5 7. Bg3 g4 8. Nxe5 Qe7 9. Nxc6 dxc6 10. Qe2 Be6 11. Bxe6 fxe6 12. Be5 0-0-0 13. Nd2 Bd4 14. Bxd4 Rxd4 15. f3 h5 16. Nb3 Qb4+ 17. c3 Qb6 18. Nxd4 e5 19. Nf5 Rd8 20. Qf2 c5 21. Qe2 Qb5 22. d4 c4 23. dxe5 Qxe5 24. 0-0 g3 25. Nxg3 h4 26. Nf5 h3 27. Rad1 Rg8 28. Rf2 Rh8 29. Qd2 Rg8 30. Qd7+ Nxd7 31. Rd5 Qh8 32. Ne7+ Kd8 33. Nxg8 Qxg8 34. Rfd2 c6 35. Rxd7+ Kc8 36. Rd8+ Qxd8 37. Rxd8+ Kxd8 38. gxh3 1-0

[Event "Montigny le Bretonneux op 25th"]
[Site "Montigny le Bretonneux"]
[Date "2023.05.20"]
[Round "4"]
[White "Christophe, Jules"]
[Black "Orfila, Aylin"]
[Result "1-0"]
[WhiteElo "1009"]
[BlackElo "1099"]
[PlyCount "25"]
[EventDate "2023.05.18"]
[EventType "swiss"]
[EventRounds "9"]
[EventCountry "FRA"]
[SourceTitle "CBM 214 Extra"]
[Source "ChessBase"]
[SourceDate "2023.07.31"]
[SourceVersion "1"]
[SourceVersionDate "2023.07.31"]
[SourceQuality "1"]

1. e4 e5 2. Nf3 Nc6 3. Bc4 Nf6 4. 0-0 Bc5 5. d3 0-0 6. Bg5 d6 7. Nc3 Bg4 8. Nd5 Ne7 9. Nxf6+ gxf6 10. Bxf6 Qd7 11. Qd2 h6 12. Qxh6 Ng6 13. Qg7# 1-0